| 000 | 01453cam a22004454i 4500 | ||
|---|---|---|---|
| 003 | PE-LiUPU | ||
| 005 | 20250731173331.0 | ||
| 008 | 150625s r 000 0 d | ||
| 020 | _a0875525504 | ||
| 035 | _a(Sirsi) i9780875525501 | ||
| 040 |
_aPE-LiUPU _bspa _cPE-LiUPU _erda |
||
| 049 | _aPRUA | ||
| 082 | 0 | 4 |
_a222.11 _bY76 _221 |
| 100 | 1 |
_aYoung, Edward J., _eautor. |
|
| 245 | 1 | 0 |
_aStudies in genesis one / _cEdward J. Young. |
| 264 | 1 |
_aNew Jersey : _bP y R Publishinfc, _c[s/f]. |
|
| 300 |
_a105 páginas ; _c22 centímetros |
||
| 336 |
_atext _2rdacontent |
||
| 337 |
_aunmediated _2rdamedia |
||
| 338 |
_avolume _2rdacarrier |
||
| 505 | 0 | _aThe relation of the first verse of genesis one to verses two three. | |
| 526 | _aSEG42 | ||
| 526 | _aSEG41 | ||
| 526 | _aSEG40 | ||
| 526 | _aSEG39 | ||
| 526 | _aP94 | ||
| 526 | _aP87 | ||
| 526 | _aP86 | ||
| 526 | _aP85 | ||
| 526 | _aP77 | ||
| 526 | _aP76 | ||
| 526 | _aP35 | ||
| 630 |
_aBiblia. _pA.T. _PG énesis _xComentarios. |
||
| 942 |
_2ddc _cBOOK |
||
| 949 |
_a222.11 Y76 _wDEWEY _c1 _i59274 _lCCODEBUL1 _mBUL _r0 _sY _tBOOK _u2015-6-25 _xTEOLOGIA _PP35 _0COMPRA _o.STAFF. Colección General |
||
| 994 |
_aC0 _bPEPRU |
||
| 596 | _a1 | ||
| 999 |
_a222.11 Y76 _wDEWEY _c48061 _i59274 _f2021-11-9 _g5 _lCCODEBUL1 _mBUL _r0 _sY _tBOOK _u2015-6-25 _xTEOLOGIA _PP35 _0COMPRA _o.STAFF. Colección General _d48061 |
||
| 980 |
_81 _gALBERTO SANCHEZ Responsable de Automatización |
||